00958nam a22002771 450000100060000000300080000600500170001400800390003103500190007004000320008904100080012108200200012910000380014924500810018725000130026826000520028130000260033349000200035950400200037965000500039965000370044970000280048694200120051499900170052695201370054318155BD-RjUL20211209000238.0140219s1970 enk b 001 paeng a(BD-RjUL)18213 aDLCcDLCdDLCdBD-RjULbeng aeng00a821.8bHAS 19701 aHardy, Thomas,d1840-1928.95590800aSelected shorter poems of Thomas Hardy /cchosen and introduced by John Wain a2nd. ed. aLondon ;aMelbourne [etc.] :bMacmillan,c1970. axix, 122 p. ;c18 cm.0 aPapermac,vP157 aIncludes index. 0aCountry lifezEnglandzWessexxPoetry.955416 0aPastoral poetry, English.9554171 aWain, John,eed.955418 2ddccBK c18155d18155 00102ddc40718FICaRUCLbRUCLcReadingd1973-02-27eBlackwellg55.00l0o821.8 HAS 1970r2014-02-19 00:00:00tC-1w2014-02-19yBK